[Event "Geller Memorial op-A 7th"]
[Site "Odessa"]
[Date "2011.08.20"]
[Round "1"]
[White "Boldysh, Maxim"]
[Black "Shevtsov, Nikoliy"]
[Result "0-1"]
[WhiteElo "1993"]
[BlackElo "2324"]
[PlyCount "126"]
[EventDate "2011.08.20"]
[EventType "swiss"]
[EventRounds "9"]
[EventCountry "UKR"]
[SourceTitle "EXT 2014"]
[Source "ChessBase"]
[SourceDate "2013.11.20"]
[SourceVersion "1"]
[SourceVersionDate "2013.11.20"]
[SourceQuality "1"]

1. e4 c5 2. Nf3 d6 3. Bb5+ Nd7 4. d4 cxd4 5. Qxd4 a6 6. Bxd7+ Bxd7 7. 0-0 e5 8. Qd3 Rc8 9. Nc3 h6 10. a4 Qc7 11. Be3 Nf6 12. a5 Be7 13. Nd2 0-0 14. Rfd1 Be6 15. Nf1 Qc6 16. f3 Nd7 17. Ng3 Nf6 18. Bb6 g6 19. Rac1 Kh7 20. Bf2 Rfd8 21. Nd5 Bxd5 22. exd5 Qa4 23. Bb6 Rf8 24. b3 Qb4 25. Qd2 Qxd2 26. Rxd2 Nd7 27. Bf2 Bg5 28. Ne4 Bxd2 29. Nxd2 Nf6 30. Nc4 Nxd5 31. Nxd6 Rc7 32. Rd1 Nf4 33. c4 Rd7 34. c5 Rfd8 35. b4 g5 36. Kf1 Kg6 37. g3 Ne6 38. Rb1 Rxd6 39. cxd6 Rxd6 40. Ke2 Rd5 41. Rc1 h5 42. Rc4 f5 43. h3 h4 44. gxh4 Nf4+ 45. Ke1 Nxh3 46. hxg5 Nxg5 47. Ke2 Ne6 48. Be3 f4 49. Bb6 Kf5 50. Ba7 Nd8 51. Rc7 Rb5 52. Rc4 Ne6 53. Bb6 Rd5 54. Ba7 Rd6 55. Bb6 Rc6 56. Bc5 Nxc5 57. bxc5 Ke6 58. Kd3 Kd5 59. Rb4 Rxc5 60. Rxb7 Rxa5 61. Rd7+ Ke6 62. Rh7 Ra3+ 63. Ke4 Re3# 0-1

[Event "Pardubice Czech op-A 21st"]
[Site "Pardubice"]
[Date "2010.07.29"]
[Round "7"]
[White "Shevtsov, Nikoliy"]
[Black "Nithander, Victor"]
[Result "1/2-1/2"]
[WhiteElo "2309"]
[BlackElo "2409"]
[PlyCount "54"]
[EventDate "2010.07.23"]
[EventType "swiss"]
[EventRounds "9"]
[EventCountry "CZE"]
[SourceTitle "CBM 137 Extra"]
[Source "ChessBase"]
[SourceDate "2010.09.01"]
[SourceVersion "1"]
[SourceVersionDate "2010.09.01"]
[SourceQuality "1"]

1. e4 c5 2. Nf3 d6 3. c3 Nf6 4. Bc4 e6 5. Qe2 Be7 6. Bb3 0-0 7. 0-0 b6 8. Re1 Ba6 9. d3 Nc6 10. Bf4 Rc8 11. h3 Nd7 12. Na3 Nde5 13. Rad1 Bf6 14. Ba4 Qe7 15. Bb5 Bxb5 16. Nxb5 a6 17. Na3 b5 18. Nc2 c4 19. dxc4 Nxc4 20. Ne3 N6e5 21. Nxe5 Bxe5 22. Bxe5 Nxe5 23. Rd4 Nc6 24. Rd2 Rfd8 25. Red1 Ne5 26. a4 Rb8 27. axb5 axb5 1/2-1/2

[Event "Pardubice Czech op-A 21st"]
[Site "Pardubice"]
[Date "2010.07.28"]
[Round "6"]
[White "Haimovich, Tal"]
[Black "Shevtsov, Nikoliy"]
[Result "1/2-1/2"]
[WhiteElo "2427"]
[BlackElo "2309"]
[PlyCount "106"]
[EventDate "2010.07.23"]
[EventType "swiss"]
[EventRounds "9"]
[EventCountry "CZE"]
[SourceTitle "CBM 137 Extra"]
[Source "ChessBase"]
[SourceDate "2010.09.01"]
[SourceVersion "1"]
[SourceVersionDate "2010.09.01"]
[SourceQuality "1"]

1. e4 c5 2. Nf3 d6 3. d4 cxd4 4. Nxd4 Nf6 5. Nc3 g6 6. f4 Nc6 7. Nxc6 bxc6 8. e5 Nd7 9. exd6 exd6 10. Be3 Nf6 11. Qd2 Be7 12. 0-0-0 0-0 13. h3 Qa5 14. Kb1 d5 15. Bd4 Rb8 16. b3 Re8 17. Bd3 Rb4 18. Be5 Nd7 19. Rhe1 Nxe5 20. Rxe5 Be6 21. f5 Bf6 22. Rxe6 fxe6 23. fxg6 Reb8 24. Qh6 Rh4 25. gxh7+ Kf7 26. Qg6+ Ke7 27. Qg3 Rb7 28. Ba6 Rbb4 29. Bc8 Qd8 30. Qg8 Kd6 31. Bxe6 Kc7 32. a3 Rbd4 33. Rf1 Rdf4 34. Rxf4 Rxf4 35. Qg3 Qd6 36. Nd1 Qe5 37. c3 d4 38. Bc4 dxc3 39. Kc2 Qd6 40. Qe3 Bd4 41. Qe2 Qxa3 42. Nxc3 Qf8 43. Qh5 Qg7 44. Ne2 Rf2 45. Kd3 Be5 46. g4 Qf6 47. Kc2 Ba1 48. Qa5+ Kb8 49. Qe1 Rh2 50. Qg3+ Be5 51. Qe3 Ba1 52. Qg3+ Be5 53. Qe3 Ba1 1/2-1/2

[Event "Pardubice Czech op-A 21st"]
[Site "Pardubice"]
[Date "2010.07.26"]
[Round "4"]
[White "Fernandez, Daniel Howard"]
[Black "Shevtsov, Nikoliy"]
[Result "1/2-1/2"]
[WhiteElo "2401"]
[BlackElo "2309"]
[PlyCount "118"]
[EventDate "2010.07.23"]
[EventType "swiss"]
[EventRounds "9"]
[EventCountry "CZE"]
[SourceTitle "CBM 137 Extra"]
[Source "ChessBase"]
[SourceDate "2010.09.01"]
[SourceVersion "1"]
[SourceVersionDate "2010.09.01"]
[SourceQuality "1"]

1. e4 c5 2. Nf3 d6 3. Nc3 Nf6 4. e5 dxe5 5. Nxe5 a6 6. a4 e6 7. g3 Qc7 8. Nc4 Bd7 9. d3 Bc6 10. Bf4 Qd8 11. Rg1 Be7 12. a5 0-0 13. Nb6 Ra7 14. Bg2 Bxg2 15. Bxb8 Qxb8 16. Rxg2 Rd8 17. Qe2 Qc7 18. Ne4 Nd5 19. Nc4 Raa8 20. f4 Re8 21. Kf1 Rad8 22. Qf3 Nb4 23. g4 Rd5 24. Ne3 Rd7 25. f5 Bd6 26. g5 Bxh2 27. Qh5 Be5 28. f6 Nd5 29. Ng4 Nf4 30. Qh4 Ng6 31. Qh3 Nf4 32. Qh1 Nxg2 33. Kxg2 Rd4 34. fxg7 Rxe4 35. dxe4 Bxg7 36. Qh4 Rd8 37. Nf6+ Kf8 38. Nxh7+ Ke8 39. Nf6+ Bxf6 40. gxf6 Rd2+ 41. Kf3 Qe5 42. Rg1 Rh2 43. Qg5 Qxg5 44. Rxg5 Rxc2 45. Rg8+ Kd7 46. Rf8 e5 47. Rxf7+ Ke6 48. Rxb7 Kxf6 49. Rb6+ Ke7 50. b3 Kd7 51. Rxa6 Rc3+ 52. Kg4 Rxb3 53. Kf5 c4 54. Kxe5 c3 55. Rd6+ Kc7 56. Rd1 Ra3 57. Kf6 Rxa5 58. e5 Ra2 59. Rc1 Rf2+ 1/2-1/2

[Event "Pardubice Infinity op 21st"]
[Site "Pardubice"]
[Date "2010.07.21"]
[Round "7"]
[White "Shevtsov, Nikoliy"]
[Black "Borisenko, Viacheslav"]
[Result "1-0"]
[WhiteElo "2309"]
[BlackElo "2226"]
[PlyCount "120"]
[EventDate "2010.07.16"]
[EventType "swiss"]
[EventRounds "7"]
[EventCountry "CZE"]
[SourceTitle "CBM 137 Extra"]
[Source "ChessBase"]
[SourceDate "2010.09.01"]
[SourceVersion "1"]
[SourceVersionDate "2010.09.01"]
[SourceQuality "1"]

1. e4 c5 2. Nf3 Nc6 3. d4 cxd4 4. Nxd4 Nf6 5. Nc3 e6 6. Nxc6 bxc6 7. e5 Nd5 8. Ne4 Bb7 9. c4 Nb4 10. Bd2 c5 11. Bxb4 Bxe4 12. Bc3 Qg5 13. f3 Bc6 14. Qd2 Qh4+ 15. Qf2 Be7 16. g3 Qh5 17. Bg2 Qg6 18. 0-0-0 0-0 19. f4 Rad8 20. Rd2 Bxg2 21. Qxg2 d5 22. cxd5 exd5 23. Rxd5 Rxd5 24. Qxd5 Rd8 25. Qb7 Qd3 26. Re1 Rd7 27. Qe4 Qa6 28. e6 fxe6 29. Qxe6+ Qxe6 30. Rxe6 Kf7 31. Rc6 h5 32. Kc2 h4 33. gxh4 g6 34. Be5 Bxh4 35. Rxc5 Ke6 36. Rc7 Rxc7+ 37. Bxc7 Kd5 38. Kd3 Bf6 39. b3 Bd4 40. Ba5 Bc5 41. h3 Ba3 42. Bc3 Bd6 43. Ke3 Bc5+ 44. Kf3 Be7 45. a4 Bd8 46. Ke3 Bc7 47. Bd2 Bb8 48. Kd3 Bc7 49. b4 a6 50. Be3 Bd6 51. b5 axb5 52. axb5 Bb8 53. b6 Bd6 54. h4 Bb8 55. f5 gxf5 56. h5 Ke6 57. Bd4 Kf7 58. Kc4 Kg8 59. Kd5 f4 60. Ke4 Kh7 1-0

[Event "Pardubice Infinity op 21st"]
[Site "Pardubice"]
[Date "2010.07.17"]
[Round "2"]
[White "Shevtsov, Nikoliy"]
[Black "Kraus, Ondrej"]
[Result "0-1"]
[WhiteElo "2309"]
[BlackElo "1917"]
[PlyCount "74"]
[EventDate "2010.07.16"]
[EventType "swiss"]
[EventRounds "7"]
[EventCountry "CZE"]
[SourceTitle "CBM 137 Extra"]
[Source "ChessBase"]
[SourceDate "2010.09.01"]
[SourceVersion "1"]
[SourceVersionDate "2010.09.01"]
[SourceQuality "1"]

1. e4 c6 2. d4 d5 3. Nc3 dxe4 4. Nxe4 Bf5 5. Ng3 Bg6 6. h4 h6 7. Nf3 Nd7 8. h5 Bh7 9. Bd3 Bxd3 10. Qxd3 Ngf6 11. Bf4 Qa5+ 12. Bd2 Qc7 13. 0-0-0 e6 14. Kb1 0-0-0 15. Ne4 c5 16. Bc3 c4 17. Qe2 Nxe4 18. Qxe4 Nf6 19. Qe1 Rd5 20. Ne5 Bd6 21. Bb4 Bxe5 22. dxe5 Rxe5 23. Qf1 Nd5 24. Be1 Rd8 25. Rh4 Ne3 26. Rxd8+ Qxd8 27. Qe2 Ng4 28. Qxc4+ Kb8 29. Bd2 Qxd2 30. b3 Re1+ 31. Kb2 Ne5 32. Qb5 a6 33. Qb6 Qc1+ 34. Kc3 Qa1+ 35. Kd2 Qd1+ 36. Kc3 Re2 37. Kb4 Rxc2 0-1

[Event "UKR-ch sf U20"]
[Site "Lvov"]
[Date "2008.12.07"]
[Round "6"]
[White "Vetoshko, Volodymyr"]
[Black "Shevtsov, Nikoliy"]
[Result "0-1"]
[WhiteElo "1988"]
[BlackElo "2311"]
[PlyCount "104"]
[EventDate "2008.12.02"]
[EventType "swiss"]
[EventRounds "9"]
[EventCountry "UKR"]
[SourceTitle "EXT 2010"]
[Source "ChessBase"]
[SourceDate "2010.11.25"]
[SourceVersion "1"]
[SourceVersionDate "2010.11.25"]
[SourceQuality "1"]

1. e4 c5 2. b4 cxb4 3. a3 e5 4. Nf3 Nc6 5. Bc4 Nf6 6. Ng5 d5 7. exd5 Nd4 8. c3 bxc3 9. dxc3 Qc7 10. Ba2 Nf5 11. 0-0 h6 12. Nf3 Bd6 13. h3 0-0 14. Bb2 Qb6 15. Qb3 Qxb3 16. Bxb3 e4 17. Nd4 Nxd4 18. cxd4 b5 19. Nc3 Rb8 20. Nd1 Nh5 21. Bc1 f5 22. Bd2 Nf6 23. Bb4 Rd8 24. Rc1 Kh8 25. Bxd6 Rxd6 26. Rc6 Rd8 27. Rc5 b4 28. a4 Bb7 29. Ne3 f4 30. Ng4 Bxd5 31. Bxd5 Nxd5 32. Ne5 Rb7 33. Rb1 Kh7 34. Nc6 Rdd7 35. Ne5 Rd8 36. Nc6 Rd6 37. Na5 Rb8 38. Nc6 Rb7 39. Na5 Re7 40. Nc4 Nc3 41. Nxd6 Nxb1 42. Kf1 Nc3 43. Re5 Rxe5 44. dxe5 b3 45. Nc4 Nxa4 46. Nd2 b2 47. Nb1 Kg6 48. g3 fxg3 49. fxg3 Kf5 50. Ke2 Kxe5 51. Ke3 a5 52. Nd2 Nb6 0-1

[Event "UKR-ch sf U20"]
[Site "Lvov"]
[Date "2008.12.06"]
[Round "5"]
[White "Shevtsov, Nikoliy"]
[Black "Lavrov, Maxim"]
[Result "1/2-1/2"]
[WhiteElo "2311"]
[BlackElo "2121"]
[PlyCount "158"]
[EventDate "2008.12.02"]
[EventType "swiss"]
[EventRounds "9"]
[EventCountry "UKR"]
[SourceTitle "EXT 2010"]
[Source "ChessBase"]
[SourceDate "2010.11.25"]
[SourceVersion "1"]
[SourceVersionDate "2010.11.25"]
[SourceQuality "1"]

1. e4 e6 2. d4 d5 3. Nc3 Bb4 4. e5 c5 5. Bd2 Ne7 6. Nb5 Bxd2+ 7. Qxd2 0-0 8. dxc5 Nd7 9. Qc3 a6 10. Nd6 Qc7 11. Nf3 Qxc5 12. Qxc5 Nxc5 13. c4 dxc4 14. Bxc4 Nf5 15. Nxf5 exf5 16. Rc1 Be6 17. Ke2 Rfd8 18. Ke3 Bxc4 19. Rxc4 Ne6 20. Rhc1 Kf8 21. h4 Rd5 22. g4 fxg4 23. Rxg4 Rad8 24. Rgc4 h5 25. Ke4 Ke7 26. a4 Rd3 27. Rb4 R8d7 28. Rc2 Rxf3 29. Kxf3 Nd4+ 30. Rxd4 Rxd4 31. Rc7+ Ke6 32. Rxb7 Rxa4 33. Kg3 Rg4+ 34. Kh3 g6 35. f3 Rd4 36. Kg3 a5 37. f4 Rd3+ 38. Kg2 a4 39. Rb6+ Kf5 40. Rf6+ Kg4 41. Rxf7 Rd2+ 42. Kf1 Kf3 43. Kg1 Rxb2 44. Ra7 Kxf4 45. Rxa4+ Kxe5 46. Ra5+ Kf6 47. Ra6+ Kg7 48. Ra7+ Kh6 49. Ra4 Rd2 50. Rb4 Kg7 51. Rb7+ Kf6 52. Rb6+ Kf5 53. Rb5+ Ke6 54. Rb6+ Kf7 55. Rb7+ Kg8 56. Rb6 Kh7 57. Rb7+ Kh6 58. Rb4 Ra2 59. Rc4 Re2 60. Kf1 Rd2 61. Kg1 Kg7 62. Rc7+ Kf8 63. Rc6 Kf7 64. Rc7+ Ke6 65. Rc6+ Kf5 66. Rc5+ Kf4 67. Rg5 Rd6 68. Kg2 Re6 69. Kf2 Rf6 70. Kg2 Ke3 71. Re5+ Kd4 72. Rg5 Ke4 73. Kg3 Rc6 74. Kg2 Kf4 75. Kf2 Re6 76. Kg2 Rc6 77. Kf2 Re6 78. Kg2 Rf6 79. Kf2 Ke4+ 1/2-1/2

[Event "Kharkov 5th"]
[Site "Kharkov"]
[Date "2008.11.04"]
[Round "9"]
[White "Shevtsov, Nikoliy"]
[Black "Abasov, Nijat Azad"]
[Result "0-1"]
[WhiteElo "2311"]
[BlackElo "2363"]
[PlyCount "116"]
[EventDate "2008.10.27"]
[EventType "tourn"]
[EventRounds "9"]
[EventCountry "UKR"]
[EventCategory "8"]
[SourceTitle "EXT 2009"]
[Source "ChessBase"]
[SourceDate "2008.11.26"]
[SourceVersion "1"]
[SourceVersionDate "2008.11.26"]
[SourceQuality "1"]

1. e4 c5 2. Nf3 Nc6 3. d4 cxd4 4. Nxd4 Nf6 5. Nc3 e5 6. Ndb5 d6 7. Bg5 a6 8. Na3 b5 9. Bxf6 gxf6 10. Nd5 f5 11. Bd3 Be6 12. 0-0 Bxd5 13. exd5 Ne7 14. Nxb5 Bg7 15. Nc3 e4 16. Bc4 Ng6 17. Qh5 Bxc3 18. bxc3 Qf6 19. Rae1 Nf4 20. Qd1 Qxc3 21. Bb3 0-0 22. Re3 Qf6 23. Kh1 a5 24. Ba4 Rab8 25. g3 Ng6 26. f3 Qg5 27. Qe1 Rb1 28. Qxb1 Qxe3 29. Qb3 Qd4 30. fxe4 fxe4 31. Bb5 f5 32. Bd7 f4 33. gxf4 e3 34. Qd3 Rxf4 35. Be6+ Kg7 36. Qxd4+ Rxd4 37. Re1 Nf4 38. Kg1 Re4 39. Bf5 Re5 40. Bd3 Nxd5 41. Kg2 Nb4 42. a3 Nxd3 43. cxd3 d5 44. Re2 d4 45. a4 Rf5 46. Kg3 Kf6 47. h4 Rf1 48. Rc2 Ra1 49. Kf3 Rxa4 50. Rc7 Kg6 51. h5+ Kxh5 52. Rxh7+ Kg6 53. Rd7 Kf6 54. Rd6+ Ke5 55. Rd8 Ra2 56. Re8+ Kd5 57. Rd8+ Kc5 58. Rc8+ Kb6 0-1

[Event "Kharkov 5th"]
[Site "Kharkov"]
[Date "2008.10.31"]
[Round "5"]
[White "Shevtsov, Nikoliy"]
[Black "Onyshchuk, Volodymyr"]
[Result "1-0"]
[WhiteElo "2311"]
[BlackElo "2495"]
[PlyCount "135"]
[EventDate "2008.10.27"]
[EventType "tourn"]
[EventRounds "9"]
[EventCountry "UKR"]
[EventCategory "8"]
[SourceTitle "EXT 2009"]
[Source "ChessBase"]
[SourceDate "2008.11.26"]
[SourceVersion "1"]
[SourceVersionDate "2008.11.26"]
[SourceQuality "1"]

1. e4 g6 2. d4 Bg7 3. c3 d6 4. Bd3 Nf6 5. Nf3 0-0 6. 0-0 c5 7. dxc5 dxc5 8. e5 Ng4 9. Bf4 Nc6 10. Re1 c4 11. Bxc4 Qxd1 12. Rxd1 Ngxe5 13. Nxe5 Nxe5 14. Be2 Bf5 15. Na3 Rfd8 16. Bg5 Kf8 17. Nb5 Bd3 18. Bxd3 Nxd3 19. Rd2 a6 20. Nc7 Rac8 21. Rad1 Rxc7 22. Rxd3 Rxd3 23. Rxd3 f5 24. f3 Kf7 25. Kf2 Be5 26. h3 Bd6 27. Be3 b5 28. f4 Rc4 29. Kf3 Ra4 30. a3 Ke6 31. Bc1 Re4 32. Be3 a5 33. g4 a4 34. gxf5+ gxf5 35. Rd2 Rc4 36. Rg2 Rc8 37. Rg7 Kd5 38. Rxh7 Kc4 39. Bd4 Kb3 40. Rh8 Rc6 41. h4 Kxb2 42. h5 Bxa3 43. c4+ Kb3 44. cxb5 Rc4 45. Be5 Bb2 46. Bxb2 Kxb2 47. Ra8 a3 48. h6 Rc3+ 49. Kg2 Rc2+ 50. Kg3 Rc3+ 51. Kh4 Rc2 52. Kg5 a2 53. h7 Rg2+ 54. Kxf5 Rh2 55. Kg6 Rg2+ 56. Kf7 Rh2 57. Kg7 Rg2+ 58. Kf8 Rc2 59. Rxa2+ Kxa2 60. b6 Rb2 61. Kg7 Rg2+ 62. Kf7 Rh2 63. b7 Rxh7+ 64. Kg8 Rh6 65. b8Q Rf6 66. Qe5 Kb1 67. Kg7 Kc2 68. Qxf6 1-0

[Event "Geller Memorial op-A 4th"]
[Site "Odessa"]
[Date "2008.09.15"]
[Round "7"]
[White "Bogdanovich, Stanislav"]
[Black "Shevtsov, Nikoliy"]
[Result "1-0"]
[WhiteElo "2299"]
[BlackElo "2325"]
[PlyCount "161"]
[EventDate "2008.09.09"]
[EventType "swiss"]
[EventRounds "9"]
[EventCountry "UKR"]
[SourceTitle "CBM 126 Extra"]
[Source "ChessBase"]
[SourceDate "2008.11.05"]
[SourceVersion "1"]
[SourceVersionDate "2008.11.05"]
[SourceQuality "1"]

1. d4 Nf6 2. c4 c6 3. Nc3 d5 4. Nf3 a6 5. c5 Bf5 6. Bf4 Nbd7 7. e3 e6 8. h3 b6 9. b4 Ne4 10. Nxe4 Bxe4 11. Be2 bxc5 12. bxc5 Qa5+ 13. Qd2 Qa3 14. 0-0 Be7 15. Rac1 g5 16. Bg3 0-0 17. Rc3 Qa4 18. Qb2 a5 19. Bd1 Qb5 20. Qxb5 cxb5 21. Rb3 Ra7 22. Be2 b4 23. a3 bxa3 24. Rxa3 Bxf3 25. gxf3 e5 26. Bb5 exd4 27. exd4 Bf6 28. Ra4 Rc8 29. Rfa1 Nf8 30. Rxa5 Rxa5 31. Rxa5 Bxd4 32. c6 Ne6 33. Ba4 Bc5 34. c7 Bb6 35. Rxd5 Bxc7 36. Bd7 Rf8 37. Bxe6 Bxg3 38. Rxg5+ Kh8 39. fxg3 fxe6 40. Kf2 Rb8 41. Ke3 Rb4 42. Rg4 Rb5 43. Ke4 Ra5 44. f4 h6 45. Rg6 Kh7 46. Rxe6 Ra3 47. Re7+ Kg8 48. g4 Rxh3 49. f5 Rh4 50. Kf3 Rh3+ 51. Kf4 Rh4 52. Kg3 Rh1 53. Kf4 Rh4 54. Kg3 Rh1 55. Ra7 Kf8 56. Kf4 Rh4 57. Kg3 Rh1 58. Kf4 Rh4 59. Rh7 Kg8 60. Rb7 Kf8 61. Rh7 Kg8 62. Rc7 Kf8 63. Rh7 Kg8 64. Ra7 Kf8 65. Ra6 Kf7 66. Kg3 Rh1 67. Kg2 Rh4 68. Kf3 Rh3+ 69. Kf4 Rh1 70. Ra7+ Kf6 71. Ra6+ Kf7 72. Ra7+ Kf6 73. Rh7 Rf1+ 74. Ke4 Rh1 75. Kf3 Rh3+ 76. Kf4 Rh1 77. Rxh6+ Rxh6 78. g5+ Kg7 79. gxh6+ Kxh6 80. Ke5 Kg7 81. Ke6 1-0

[Event "UKR-ch sf"]
[Site "Alushta"]
[Date "2008.05.15"]
[Round "5"]
[White "Grebeniuk, Semen"]
[Black "Shevtsov, Nikoliy"]
[Result "1/2-1/2"]
[WhiteElo "2225"]
[BlackElo "2339"]
[PlyCount "143"]
[EventDate "2008.05.10"]
[EventType "swiss"]
[EventRounds "9"]
[EventCountry "UKR"]
[SourceTitle "CBM 124 Extra"]
[Source "ChessBase"]
[SourceDate "2008.07.03"]
[SourceVersion "1"]
[SourceVersionDate "2008.07.03"]
[SourceQuality "1"]

1. d4 Nf6 2. Nf3 d6 3. Bg5 Nbd7 4. Nbd2 h6 5. Bh4 g5 6. Bg3 Nh5 7. e4 Bg7 8. c3 c5 9. d5 Nxg3 10. hxg3 Nf6 11. Qc2 0-0 12. Bd3 e6 13. dxe6 Bxe6 14. c4 Re8 15. 0-0 Nd7 16. Rfe1 g4 17. Nh4 Ne5 18. Rab1 Nc6 19. a3 Nd4 20. Qd1 Qg5 21. Nf1 b5 22. cxb5 Ba2 23. Ne3 Bxb1 24. Qxb1 Rab8 25. a4 a6 26. bxa6 Rb4 27. Qa2 Reb8 28. Bc4 Kh8 29. Bxf7 Ra8 30. Ng6+ Kh7 31. e5 Bxe5 32. Nxe5 Qxe5 33. Qb1+ Kh8 34. Nd5 Rxb2 35. Qc1 Qg7 36. Nf4 Rc2 37. Ng6+ Qxg6 38. Qf4 Qg5 39. Qxd6 Rc1 40. Rxc1 Qxc1+ 41. Kh2 Qg5 42. a7 Kg7 43. Qc7 Qd8 44. Qxd8 Rxd8 45. Bd5 c4 46. a8Q Rxa8 47. Bxa8 c3 48. Be4 c2 49. Bxc2 Nxc2 50. a5 Nb4 51. f3 Kf6 52. Kg1 Ke5 53. Kf2 Kd4 54. Ke2 h5 55. Kd2 Na6 56. Ke2 Nc5 57. Kf2 Kd3 58. fxg4 hxg4 59. Kf1 Kd2 60. Kf2 Ne4+ 61. Kg1 Nc5 62. Kf2 Kd3 63. Kf1 Ke3 64. Ke1 Nd3+ 65. Kf1 Nb4 66. Ke1 Nc2+ 67. Kf1 Nb4 68. Ke1 Na6 69. Kf1 Kd4 70. Ke2 Nc5 71. Kf2 Kd5 72. Ke3 1/2-1/2

[Event "UKR-ch sf"]
[Site "Alushta"]
[Date "2008.05.13"]
[Round "3"]
[White "Derjabin, Ilja"]
[Black "Shevtsov, Nikoliy"]
[Result "1-0"]
[WhiteElo "2369"]
[BlackElo "2339"]
[PlyCount "45"]
[EventDate "2008.05.10"]
[EventType "swiss"]
[EventRounds "9"]
[EventCountry "UKR"]
[SourceTitle "CBM 124 Extra"]
[Source "ChessBase"]
[SourceDate "2008.07.03"]
[SourceVersion "1"]
[SourceVersionDate "2008.07.03"]
[SourceQuality "1"]

1. Nf3 Nf6 2. c4 c5 3. Nc3 e6 4. g3 b6 5. Bg2 Bb7 6. 0-0 Be7 7. a4 d5 8. cxd5 exd5 9. d4 Nc6 10. Bg5 Ne4 11. Bxe7 Nxe7 12. a5 0-0 13. axb6 axb6 14. Rxa8 Qxa8 15. Ne5 Nxc3 16. bxc3 Rd8 17. Qb3 f6 18. Nf3 Rd6 19. Rb1 Ba6 20. Ra1 Qc8 21. Bh3 Qxh3 22. Rxa6 Qe6 23. dxc5 1-0

[Event "UKR-ch sf"]
[Site "Alushta"]
[Date "2008.05.12"]
[Round "2"]
[White "Shevtsov, Nikoliy"]
[Black "Demidiukov, Evgeniy"]
[Result "1-0"]
[WhiteElo "2339"]
[BlackElo "2144"]
[PlyCount "97"]
[EventDate "2008.05.10"]
[EventType "swiss"]
[EventRounds "9"]
[EventCountry "UKR"]
[SourceTitle "CBM 124 Extra"]
[Source "ChessBase"]
[SourceDate "2008.07.03"]
[SourceVersion "1"]
[SourceVersionDate "2008.07.03"]
[SourceQuality "1"]

1. e4 Nc6 2. Nf3 e6 3. d4 d5 4. e5 Nge7 5. Bd3 Nb4 6. Be2 c5 7. c3 Nbc6 8. 0-0 Nf5 9. dxc5 Bxc5 10. Nbd2 Qc7 11. Nb3 Be7 12. Re1 Bd7 13. Bd3 g6 14. Bg5 Bxg5 15. Nxg5 Nxe5 16. Bxf5 gxf5 17. Qd4 Rg8 18. f4 Nc4 19. Qf6 Nd6 20. Nd4 Qd8 21. Qh6 Qe7 22. Qxh7 0-0-0 23. Ngxe6 Bxe6 24. Rxe6 Qxe6 25. Nxe6 fxe6 26. Re1 Ne4 27. Qf7 Rde8 28. g3 Rgf8 29. Qg7 Rg8 30. Qd4 Kb8 31. Kg2 Re7 32. Re2 Rc8 33. Qe5+ Ka8 34. Kf3 b6 35. Rg2 Rg8 36. Qd4 Kb7 37. Re2 Nd6 38. Qe5 Kc6 39. b3 b5 40. a4 bxa4 41. c4 dxc4 42. bxc4 Rb8 43. Qa5 Rb3+ 44. Kg2 Reb7 45. Qxa4+ Kc5 46. Qa5+ Kc6 47. c5 Rb2 48. Qa6+ R7b6 49. Qa4+ 1-0

[Event "UKR-ch sf U20"]
[Site "Lvov"]
[Date "2007.12.09"]
[Round "8"]
[White "Golubka, Petr"]
[Black "Shevtsov, Nikoliy"]
[Result "1-0"]
[WhiteElo "2270"]
[BlackElo "2400"]
[PlyCount "83"]
[EventDate "2007.12.02"]
[EventType "swiss"]
[EventRounds "9"]
[EventCountry "UKR"]
[SourceTitle "CBM 121 Extra"]
[Source "ChessBase"]
[SourceDate "2008.01.10"]
[SourceVersion "1"]
[SourceVersionDate "2008.01.10"]
[SourceQuality "1"]

1. e4 c5 2. Nf3 d6 3. d4 cxd4 4. Nxd4 Nf6 5. Nc3 a6 6. Be2 e5 7. Nb3 Be7 8. Bg5 Be6 9. Bxf6 Bxf6 10. Qd3 Nc6 11. 0-0-0 Nd4 12. Kb1 0-0 13. g3 Rc8 14. Nxd4 exd4 15. Nd5 Bxd5 16. exd5 Re8 17. Qf3 Qa5 18. Bd3 Re5 19. Qg4 Rce8 20. f4 h5 21. Qd7 Re1 22. a3 Rxd1+ 23. Rxd1 Qd8 24. Qxb7 a5 25. Ka2 Re7 26. Qb5 g6 27. Rb1 Kg7 28. Rf1 Qa8 29. Qc6 Qb8 30. h3 Rb7 31. Rb1 Rb6 32. Qa4 Qa8 33. Qc4 Qb7 34. g4 hxg4 35. hxg4 Kh8 36. g5 Bg7 37. Ka1 a4 38. Qxa4 Qxd5 39. Re1 Rb8 40. Re7 Ra8 41. Qd7 Kg8 42. Qg4 1-0

[Event "UKR-ch sf U20"]
[Site "Lvov"]
[Date "2007.12.07"]
[Round "6"]
[White "Bagrationi, Alexander"]
[Black "Shevtsov, Nikoliy"]
[Result "1-0"]
[WhiteElo "2164"]
[BlackElo "2400"]
[PlyCount "110"]
[EventDate "2007.12.02"]
[EventType "swiss"]
[EventRounds "9"]
[EventCountry "UKR"]
[SourceTitle "CBM 121 Extra"]
[Source "ChessBase"]
[SourceDate "2008.01.10"]
[SourceVersion "1"]
[SourceVersionDate "2008.01.10"]
[SourceQuality "1"]

1. d4 Nf6 2. c4 c5 3. d5 b5 4. cxb5 a6 5. bxa6 g6 6. Nc3 Bxa6 7. e4 Bxf1 8. Kxf1 d6 9. g3 Bg7 10. Kg2 0-0 11. Nf3 Nbd7 12. h3 Qa5 13. Re1 Rfb8 14. e5 Nxe5 15. Nxe5 dxe5 16. Rxe5 Rb7 17. Qf3 Ne8 18. Re2 Nd6 19. Ne4 Nf5 20. Bd2 Qb5 21. Bc3 Nd4 22. Bxd4 Bxd4 23. d6 Qa6 24. Rd1 exd6 25. Nxd6 Rba7 26. Ne4 Qxa2 27. Nf6+ Kg7 28. Ne8+ Rxe8 29. Rxe8 Qxb2 30. Re2 Qb5 31. Rc2 Qa4 32. Qe4 Ra6 33. Rcd2 Re6 34. Qd5 Re5 35. Rxd4 Rxd5 36. Rxd5 c4 37. R5d4 Qc2 38. Re1 c3 39. Re7 Qb3 40. Rc7 h5 41. Rdc4 Qb5 42. Rxc3 Qe5 43. R7c4 g5 44. Rd3 Qe6 45. Rcd4 Qc6+ 46. Kh2 Qc2 47. Rf3 Qe2 48. Kg2 Qe6 49. h4 g4 50. Re3 Qc6+ 51. Kh2 Qc2 52. Rf4 Kg6 53. Re7 f6 54. Re6 Qc3 55. Kg2 Qb2 1-0

[Event "UKR-ch sf U20"]
[Site "Lvov"]
[Date "2007.12.04"]
[Round "3"]
[White "Shevtsov, Nikoliy"]
[Black "Petrushin, Alexander"]
[Result "1-0"]
[WhiteElo "2400"]
[BlackElo "1865"]
[PlyCount "69"]
[EventDate "2007.12.02"]
[EventType "swiss"]
[EventRounds "9"]
[EventCountry "UKR"]
[SourceTitle "CBM 121 Extra"]
[Source "ChessBase"]
[SourceDate "2008.01.10"]
[SourceVersion "1"]
[SourceVersionDate "2008.01.10"]
[SourceQuality "1"]

1. e4 c5 2. Nf3 Nc6 3. c3 d5 4. exd5 Qxd5 5. d4 cxd4 6. cxd4 Bg4 7. Be2 e6 8. Nc3 Qa5 9. h3 Bh5 10. 0-0 Nf6 11. Be3 Be7 12. a3 Nd5 13. Qb3 Qb6 14. Qxb6 Nxb6 15. g4 Bg6 16. Ne5 Nxe5 17. dxe5 0-0 18. f4 Bc2 19. f5 exf5 20. gxf5 Rfd8 21. f6 Bf8 22. Kh1 Nd5 23. Nxd5 Rxd5 24. Bf3 Rxe5 25. Bd4 Rg5 26. Rac1 Bd3 27. Rfd1 Ba6 28. Rc7 Rd8 29. Bxa7 Rxd1+ 30. Bxd1 Bf1 31. h4 Rg3 32. Rc8 Bh3 33. Rd8 gxf6 34. Bc5 Rd3 35. Rxd3 1-0

[Event "Kiev Independence Cup-A 7th"]
[Site "Kiev"]
[Date "2007.08.20"]
[Round "8"]
[White "Shevtsov, Nikoliy"]
[Black "Kruglyakov, Pavlo"]
[Result "0-1"]
[WhiteElo "2400"]
[BlackElo "2336"]
[PlyCount "118"]
[EventDate "2007.08.13"]
[EventType "swiss"]
[EventRounds "11"]
[EventCountry "UKR"]
[SourceTitle "CBM 119 Extra"]
[Source "ChessBase"]
[SourceDate "2007.09.04"]
[SourceVersion "1"]
[SourceVersionDate "2007.09.04"]
[SourceQuality "1"]

1. e4 Nf6 2. e5 Nd5 3. d4 d6 4. c4 Nb6 5. exd6 exd6 6. Nc3 Be7 7. Bd3 Nc6 8. Nge2 Bg4 9. f3 Bh5 10. Nf4 Bg6 11. Be2 Nb4 12. Nxg6 hxg6 13. 0-0 c6 14. a3 Na6 15. Be3 Nc7 16. Qd2 d5 17. b3 Bf6 18. Rad1 0-0 19. c5 Nd7 20. b4 Ne6 21. f4 Qe7 22. Bf2 Rfe8 23. Rfe1 Ndf8 24. b5 Qc7 25. g3 Be7 26. Bd3 f5 27. Na4 Bf6 28. Qb4 g5 29. Bxf5 gxf4 30. Nb2 fxg3 31. Bxg3 Qf7 32. Rf1 Qh5 33. Rf2 Ng5 34. Rdf1 Ne4 35. Bxe4 Rxe4 36. Rxf6 gxf6 37. bxc6 bxc6 38. Qb7 Rae8 39. Qxc6 Ne6 40. Rf5 Qxf5 41. Qxe8+ Kg7 42. Qd7+ Kg6 43. Qc8 Kg5 44. Nd3 Qf3 45. Qg8+ Kh6 46. Qh8+ Kg6 47. Qe8+ Kh7 48. c6 Qxd3 49. Qd7+ Kg6 50. c7 Qxd4+ 51. Kf1 Qd1+ 52. Kg2 Qc2+ 53. Kf1 Nxc7 54. Qxc7 Qd1+ 55. Kg2 Rc4 56. Qd7 Qe2+ 57. Bf2 Rg4+ 58. Kh3 Rg5 59. Qc8 Qf3+ 0-1